Personnages de jeux-vidéo en images - K - Statistiques

Statistiques générales
  • Ce quiz a été pris 243 fois
  • Le résultat moyen est 8 sur 18
Statistiques - réponses
Par images Réponse % Correct
Kirby
100%
Kratos
90%
Knuckles
87%
Ken Masters
79%
Kamek
61%
Kraken
55%
King K. Rool
48%
Kéké Laglisse
46%
Kazooie
45%
Killjoy
34%
Kazuya Mishima
31%
Kris
22%
Krystal
19%
Kaepora Gaebora
15%
Kairi
15%
Klonoa
6%
Sarah Kerrigan
5%
Kid
4%
Aucun quiz correspondant
Distribution des résultats
% des personnes avec chaque résultat
Percentile par nombre de réponses
Votre historique - résultats
Vous n’avez pas pris ce quiz